An introduction to models and decompositions in operator theory / (Record no. 8428)

MARC details
000 -LEADER
fixed length control field 00976pam a2200265 a 4500
001 - CONTROL NUMBER
control field 3542232
003 - CONTROL NUMBER IDENTIFIER
control field OSt
005 - DATE AND TIME OF LATEST TRANSACTION
control field 20240612122244.0
008 - FIXED-LENGTH DATA ELEMENTS--GENERAL INFORMATION
fixed length control field 970312s1997 mau b 001 0 eng
010 ## - LIBRARY OF CONGRESS CONTROL NUMBER
LC control number 97012296
020 ## - INTERNATIONAL STANDARD BOOK NUMBER
International Standard Book Number 0817639926 (hc : alk. paper)
020 ## - INTERNATIONAL STANDARD BOOK NUMBER
International Standard Book Number 3764339926 (hc : alk. paper)
040 ## - CATALOGING SOURCE
Original cataloging agency DLC
Transcribing agency MUST
Modifying agency DLC
082 00 - DEWEY DECIMAL CLASSIFICATION NUMBER
Classification number 515.724
Item number KUB 1997
100 1# - MAIN ENTRY--PERSONAL NAME
Personal name Kubrusly, Carlos S.,
Dates associated with a name 1947-
9 (RLIN) 17121
245 13 - TITLE STATEMENT
Title An introduction to models and decompositions in operator theory /
Statement of responsibility, etc. Carlos S. Kubrusly.
260 ## - PUBLICATION, DISTRIBUTION, ETC. (IMPRINT)
Place of publication, distribution, etc. Boston :
Name of publisher, distributor, etc. Birkhäuser,
Date of publication, distribution, etc. 1997.
300 ## - PHYSICAL DESCRIPTION
Extent xii, 132 p. ;
Dimensions 24 cm.
504 ## - BIBLIOGRAPHY, ETC. NOTE
Bibliography, etc Includes bibliographical references (p. [121]-1270 and index.
650 #0 - SUBJECT ADDED ENTRY--TOPICAL TERM
Topical term or geographic name as entry element Hilbert space.
9 (RLIN) 17122
650 #0 - SUBJECT ADDED ENTRY--TOPICAL TERM
Topical term or geographic name as entry element Decomposition (Mathematics)
9 (RLIN) 17123
906 ## - LOCAL DATA ELEMENT F, LDF (RLIN)
a 7
b cbc
c orignew
d 1
e ocip
f 19
g y-gencatlg
942 ## - ADDED ENTRY ELEMENTS (KOHA)
Source of classification or shelving scheme Dewey Decimal Classification
Koha item type Open Shelf
Holdings
Withdrawn status Lost status Source of classification or shelving scheme Damaged status Not for loan Home library Current library Date acquired Source of acquisition Inventory number Total Checkouts Full call number Barcode Date last seen Price effective from Koha item type
    Dewey Decimal Classification     MUST Main Library MUST Main Library 12/06/2024 Purchase 2008/30729   515.724 KUB 1997 2024-20370 12/06/2024 12/06/2024 Open Shelf
    Other/Generic Classification Scheme     MUST Main Library MUST Main Library 14/06/2024 Purchase 08/30730   515.724 KUB 1997 2024-20501 14/06/2024 14/06/2024 Open Shelf